000 00675nam a22002057a 4500
005 20251108174639.0
008 250721s9999 xx 000 0 ara d
082 1 4 _aط/629.287/ويس
100 1 _aوست، دافيد
245 1 0 _aالدراجة البخارية /
264 1 _aالجيزة :
_bدار الفاروق للاستثمارات الثقافية،
_c207.
300 _a31ص.
490 0 _aلماذا لا تعمل الأشياء؟why thing dont work?
650 1 7 _aالمركبات
650 1 7 _aالصيانه
653 _aناشاون صغار (10-14)سنوات
700 1 _aكراولي، دومينيك
942 _2ddc
_cBK
999 _c114437
_d114437